[Event "WY U-16 Chess Olympiad 2019"]
[Site "Corum"]
[Date "2019.11.03"]
[Round "7"]
[White "Avila Pavas, Santiago"]
[Black "Murzin, Volodar"]
[Result "1/2-1/2"]
[WhiteElo "2406"]
[BlackElo "2433"]
[Annotator "TA"]
[PlyCount "139"]
[EventDate "2019.10.28"]
[EventType "team-tourn"]
[EventCountry "TUR"]
[SourceTitle "playchess.com"]
[Source "ChessBase"]
[SourceQuality "1"]

1. Nf3 d5 2. g3 c6 3. Bg2 Bg4 4. O-O Nf6 5. c4 e6 6. cxd5 Bxf3 7. Bxf3 cxd5 8. Qb3 Qd7 9. d3 Nc6 10. Bg2 Be7 11. Nc3 O-O 12. Bf4 h6 13. Rac1 Rac8 14. Rfe1 Nd4 15. Qd1 Bd6 16. Bxd6 Qxd6 17. Qa4 Qb6 18. Qa3 Nc6 19. e3 Qb4 20. Qxb4 Nxb4 21. Red1 a6 22. a3 Nc6 23. Na4 Nd7 24. e4 d4 25. Nc5 Nxc5 26. Rxc5 b6 27. Rc4 b5 28. Rc5 Ne7 29. Rdc1 Rxc5 30. Rxc5 Rc8 31. Rxc8+ Nxc8 32. e5 a5 33. Kf1 Kf8 34. Ke2 Ke7 35. Bb7 Na7 36. Kf3 Kd7 37. Kf4 Kc7 38. Bg2 a4 39. Ke4 Nc6 40. f4 Kb6 41. f5 exf5+ 42. Kd5 Kc7 43. e6 Ne7+ 44. Ke5 f6+ 45. Kxd4 Kd6 46. Kc3 g5 47. Kb4 f4 48. gxf4 gxf4 49. Kxb5 Nf5 50. Kxa4 Nd4 51. Kb4 f3 52. Bh3 f2 53. a4 Nxe6 54. a5 Nf4 55. Bf1 Nd5+ 56. Kb5 Ne3 57. Bh3 Kc7 58. Kc5 f1=Q 59. Bxf1 Nxf1 60. h3 Nd2 61. Kd5 Nb3 62. Ke6 Nc5+ 63. Kxf6 Nxd3 64. Kg7 Nxb2 65. Kxh6 Nd3 66. h4 Nf4 67. Kg5 Ne6+ 68. Kf5 Ng7+ 69. Kf6 Nh5+ 70. Kg6 1/2-1/2

[Event "WY U-16 Chess Olympiad 2019"]
[Site "Corum"]
[Date "2019.11.03"]
[Round "7"]
[White "Tanriverdi, Enes"]
[Black "Gan-Erdene, Sugar"]
[Result "0-1"]
[WhiteElo "2401"]
[BlackElo "2407"]
[Annotator "RC"]
[PlyCount "76"]
[EventDate "2019.10.28"]
[EventType "team-tourn"]
[EventCountry "TUR"]
[SourceTitle "playchess.com"]
[Source "ChessBase"]
[SourceQuality "1"]

1. c4 Nf6 2. Nc3 g6 3. g3 Bg7 4. Bg2 O-O 5. e4 d6 6. Nge2 c5 7. O-O Nc6 8. d3 Rb8 9. a3 a6 10. Rb1 b5 11. cxb5 axb5 12. b4 cxb4 13. axb4 e5 14. h3 Be6 15. f4 exf4 16. gxf4 Ne7 17. Be3 Qd7 18. Kh2 Nh5 19. Bd4 f5 20. Bxg7 Nxg7 21. Nd4 fxe4 22. dxe4 Bc4 23. Rf3 d5 24. e5 Nef5 25. Nxf5 Rxf5 26. Ne4 Nh5 27. Qd4 Rbf8 28. Ra1 Qd8 29. Nf2 Nxf4 30. Ng4 Qg5 31. Ra7 h5 32. e6 Nxe6 33. Rxf5 gxf5 34. Qe5 d4 35. Bd5 Bxd5 36. Qxd5 Qd2+ 37. Kg3 h4+ 38. Kxh4 Qg5+ 0-1

[Event "WY U-16 Chess Olympiad 2019"]
[Site "Corum"]
[Date "2019.11.03"]
[Round "7"]
[White "Nogerbek, Kazybek"]
[Black "Abdusattorov, Nodirbek"]
[Result "1-0"]
[WhiteElo "2387"]
[BlackElo "2608"]
[Annotator "TA"]
[PlyCount "63"]
[EventDate "2019.10.28"]
[EventType "team-tourn"]
[EventCountry "TUR"]
[SourceTitle "playchess.com"]
[Source "ChessBase"]
[SourceQuality "1"]

1. e4 c5 2. Nf3 d6 3. d4 cxd4 4. Nxd4 Nf6 5. Nc3 a6 6. h3 e5 7. Nb3 Be6 8. f4 g6 9. Be2 Nbd7 10. O-O Qc7 11. Be3 Be7 12. Qe1 Rc8 13. Rd1 b5 14. a3 h5 15. fxe5 dxe5 16. Nd5 Bxd5 17. exd5 O-O 18. c3 Qd6 19. Kh1 Kg7 20. c4 bxc4 21. Na5 c3 22. bxc3 Nxd5 23. Bf3 Qc7 24. Rxd5 Rfe8 25. c4 Nf6 26. Rd1 Bd8 27. Nb3 Qxc4 28. Rc1 Qe6 29. Nc5 Qe7 30. Bg5 e4 31. Nxe4 Rxc1 32. Qxc1 1-0

[Event "WY U-16 Chess Olympiad 2019"]
[Site "Corum"]
[Date "2019.11.03"]
[Round "7"]
[White "Makarian, Rudik"]
[Black "Cardoso Cardoso, Jose Gabriel"]
[Result "0-1"]
[WhiteElo "2386"]
[BlackElo "2313"]
[Annotator "TA"]
[PlyCount "176"]
[EventDate "2019.10.28"]
[EventType "team-tourn"]
[EventCountry "TUR"]
[SourceTitle "playchess.com"]
[Source "ChessBase"]
[SourceQuality "1"]

1. c4 e6 2. Nc3 d5 3. d4 Bb4 4. Nf3 Nf6 5. Qb3 a5 6. cxd5 exd5 7. Bg5 c6 8. e3 O-O 9. Bd3 Bd6 10. O-O h6 11. Bh4 Re8 12. Rae1 Nbd7 13. Qc2 Be7 14. Bg3 Nf8 15. h3 Be6 16. Ne5 Rc8 17. Bh2 b5 18. f4 a4 19. g4 a3 20. Qf2 b4 21. Na4 Ne4 22. Bxe4 dxe4 23. Rc1 Bxa2 24. bxa3 Bd5 25. axb4 Bxb4 26. f5 Ra8 27. Nc3 Bxc3 28. Rxc3 Ra2 29. Qg3 Qa5 30. Rc5 Qa6 31. f6 Ne6 32. Rcc1 Ng5 33. fxg7 Nf3+ 34. Nxf3 exf3 35. Rxf3 Bxf3 36. Qxf3 Ra1 37. Rxa1 Qxa1+ 38. Kg2 Ra8 39. Bg3 Qc1 40. Bf2 Kxg7 41. Qf5 Qc4 42. Kg3 Qd5 43. Qf3 Re8 44. Be1 Re6 45. Qxd5 cxd5 46. Kf3 Kg6 47. Bg3 h5 48. Be5 f6 49. Bf4 Re8 50. Bg3 hxg4+ 51. hxg4 Kg5 52. Bf4+ Kh4 53. Bg3+ Kh3 54. Bd6 Re4 55. Bf4 Kh4 56. Bg3+ Kg5 57. Bf4+ Kg6 58. Kg3 Re8 59. Kf3 Rh8 60. Bg3 Rh1 61. Bc7 Kg5 62. Bf4+ Kh4 63. Bg3+ Kh3 64. Bf2 Rh2 65. Be1 Rg2 66. Bb4 Rxg4 67. Be7 f5 68. Bd6 Re4 69. Be5 Kh4 70. Bf6+ Kh5 71. Be5 Rg4 72. Bg3 Kg6 73. Be5 Kf7 74. Bf4 Ke6 75. Bg3 Kd7 76. Be5 Kc6 77. Bb8 Kb5 78. Bc7 Kc4 79. Be5 Re4 80. Bd6 Kd3 81. Bf4 Re7 82. Be5 Rb7 83. Bd6 Rb1 84. Kf4 Rf1+ 85. Ke5 Kxe3 86. Kxd5 f4 87. Bc5 Rh1 88. Ke6 Ke4 0-1

[Event "WY U-16 Chess Olympiad 2019"]
[Site "Corum"]
[Date "2019.11.03"]
[Round "7"]
[White "Barseghyan, Armen Ar."]
[Black "Petkov, Momchil"]
[Result "1-0"]
[WhiteElo "2381"]
[BlackElo "2333"]
[Annotator "RC"]
[PlyCount "75"]
[EventDate "2019.10.28"]
[EventType "team-tourn"]
[EventCountry "TUR"]
[SourceTitle "playchess.com"]
[Source "ChessBase"]
[SourceQuality "1"]

1. d4 Nf6 2. Nf3 g6 3. g3 Bg7 4. Bg2 O-O 5. O-O d6 6. Nc3 Nbd7 7. e4 e5 8. a4 c6 9. Re1 Qc7 10. h3 b6 11. Be3 Bb7 12. Qd2 Rfe8 13. g4 Rad8 14. Rad1 a6 15. Bg5 Nf8 16. d5 cxd5 17. Nxd5 Bxd5 18. exd5 Rc8 19. Bf1 Qb7 20. Qe2 a5 21. Bxf6 Bxf6 22. Qe4 Nd7 23. Bb5 Nc5 24. Qe2 Re7 25. c3 e4 26. Nd4 Bh4 27. Nc6 Ree8 28. Qe3 Qc7 29. b4 Nd7 30. Qf4 Ne5 31. Rxe4 f5 32. Rxe5 dxe5 33. Qh6 Bxf2+ 34. Kxf2 fxg4 35. d6 Qf7+ 36. Kg1 Qf3 37. Rd3 Qe4 38. Qe3 1-0

[Event "WY U-16 Chess Olympiad 2019"]
[Site "Corum"]
[Date "2019.11.03"]
[Round "7"]
[White "Stoyanov, Tsvetan"]
[Black "Gharibyan, Mamikon"]
[Result "1-0"]
[WhiteElo "2377"]
[BlackElo "2388"]
[Annotator "RC"]
[PlyCount "58"]
[EventDate "2019.10.28"]
[EventType "team-tourn"]
[EventCountry "TUR"]
[SourceTitle "playchess.com"]
[Source "ChessBase"]
[SourceQuality "1"]

1. e4 e5 2. Nf3 Nc6 3. Nc3 Nf6 4. Bb5 Bd6 5. a3 O-O 6. d3 h6 7. g4 Bc5 8. Rg1 d5 9. g5 Ng4 10. Rg2 Bxf2+ 11. Rxf2 Nxf2 12. Kxf2 Bg4 13. Qg1 Bxf3 14. Bxc6 bxc6 15. gxh6 g6 16. Kxf3 Qd6 17. Ke2 Rab8 18. Qg2 Rbd8 19. Bg5 f6 20. h7+ Kg7 21. Bd2 f5 22. Bg5 Rd7 23. exf5 Rxf5 24. Rg1 Kh8 25. Nd1 e4 26. Ne3 exd3+ 27. cxd3 Rf8 28. Ng4 Qc5 29. Kd1 Qd4 1-0

[Event "WY U-16 Chess Olympiad 2019"]
[Site "Corum"]
[Date "2019.11.03"]
[Round "7"]
[White "Sahidi, Samir"]
[Black "Stearman, Josiah"]
[Result "0-1"]
[WhiteElo "2374"]
[BlackElo "2310"]
[Annotator "TA"]
[PlyCount "86"]
[EventDate "2019.10.28"]
[EventType "team-tourn"]
[EventCountry "TUR"]
[SourceTitle "playchess.com"]
[Source "ChessBase"]
[SourceQuality "1"]

1. e4 c5 2. Nf3 Nc6 3. Bb5 g6 4. O-O Bg7 5. Bxc6 dxc6 6. d3 Nf6 7. Nc3 Nd7 8. Be3 e5 9. Qd2 h6 10. Rfe1 Qe7 11. Ne2 Nf8 12. h3 Ne6 13. Ng3 b6 14. Rab1 h5 15. Ng5 h4 16. Ne2 Nd4 17. c3 f6 18. cxd4 cxd4 19. Bxd4 fxg5 20. Be3 g4 21. d4 gxh3 22. dxe5 Bxe5 23. Bg5 Qd7 24. Qxd7+ Bxd7 25. f4 Bd6 26. gxh3 Bxh3 27. Kh2 Bg4 28. Nd4 Rh5 29. Nxc6 Rc8 30. Rbc1 Rxg5 31. e5 Bc5 32. fxg5 Rxc6 33. b4 Bxb4 34. Rxc6 Bxe1 35. Rxg6 Bg3+ 36. Kg2 Bxe5 37. Rh6 h3+ 38. Kf2 h2 39. g6 Kf8 40. Rh4 Kg7 41. a4 Be6 42. a5 bxa5 43. Rh5 Bd5 0-1

[Event "WY U-16 Chess Olympiad 2019"]
[Site "Corum"]
[Date "2019.11.03"]
[Round "7"]
[White "Globus, Or"]
[Black "Talukdar, Rohan"]
[Result "1-0"]
[WhiteElo "2371"]
[BlackElo "2369"]
[Annotator "TA"]
[PlyCount "139"]
[EventDate "2019.10.28"]
[EventType "team-tourn"]
[EventCountry "TUR"]
[SourceTitle "playchess.com"]
[Source "ChessBase"]
[SourceQuality "1"]

1. d4 Nf6 2. c4 g6 3. g3 Bg7 4. Bg2 d5 5. cxd5 Nxd5 6. Nf3 Nb6 7. O-O Nc6 8. e3 O-O 9. Nc3 e5 10. d5 Na5 11. b3 e4 12. Nd4 Nxd5 13. Nxe4 b6 14. b4 Nxb4 15. Ba3 c5 16. Nxc5 bxc5 17. Bxa8 Ba6 18. Bg2 Bxf1 19. Bxf1 Qd5 20. Bxb4 cxb4 21. Qa4 Bxd4 22. exd4 Rd8 23. Rc1 Nb7 24. Qxa7 Nd6 25. Bg2 Qg5 26. Qc5 Qd2 27. Rb1 Qxa2 28. Qxb4 Nf5 29. d5 Qa6 30. Re1 Qf6 31. Qa5 Kg7 32. h4 h6 33. Qb4 Nd4 34. Qa5 Nf5 35. Qc7 Qd6 36. Qc3+ Qf6 37. Qc2 Nd4 38. Qe4 Nf5 39. Bh3 Nd6 40. Qb4 Ra8 41. Re2 Re8 42. Rxe8 Nxe8 43. Qe4 Nd6 44. Qe3 Nc4 45. Qd3 Nd6 46. Bg4 Qe5 47. Bf3 Qe1+ 48. Kg2 Qe5 49. Bd1 Kf8 50. Bc2 g5 51. h5 g4 52. Bd1 Qxh5 53. Qd4 Qf5 54. Bxg4 Qg6 55. Qh8+ Ke7 56. Qe5+ Kf8 57. f3 Nc4 58. Qd4 Nd6 59. Qh8+ Ke7 60. Qe5+ Kf8 61. Kh3 Nc4 62. Qd4 Nd6 63. Qh8+ Ke7 64. Qe5+ Kf8 65. Be6 Ne8 66. Bd7 Nd6 67. g4 Nc4 68. Qh8+ Ke7 69. Qe8+ Kd6 70. Bf5 1-0

[Event "WY U-16 Chess Olympiad 2019"]
[Site "Corum"]
[Date "2019.11.03"]
[Round "7"]
[White "Lazavik, Denis"]
[Black "Aronyak Ghosh"]
[Result "1-0"]
[WhiteElo "2368"]
[BlackElo "2380"]
[Annotator "RC"]
[PlyCount "79"]
[EventDate "2019.10.28"]
[EventType "team-tourn"]
[EventCountry "TUR"]
[SourceTitle "playchess.com"]
[Source "ChessBase"]
[SourceQuality "1"]

1. d4 d5 2. c4 e6 3. Nf3 c6 4. Qc2 dxc4 5. Qxc4 Nf6 6. Bg5 b5 7. Qc2 Bb7 8. Nbd2 Nbd7 9. e4 h6 10. Bxf6 Nxf6 11. Be2 a6 12. O-O Rc8 13. a4 Qb6 14. Rfc1 Be7 15. Nb3 Nd7 16. Nc5 Nxc5 17. dxc5 Qc7 18. e5 Rd8 19. Qe4 Rd5 20. b4 Bc8 21. Bd1 Bg5 22. Rcb1 f5 23. Qe2 Bf4 24. Bb3 Rxe5 25. Nxe5 Bxe5 26. Ra2 Bxh2+ 27. Kh1 O-O 28. axb5 axb5 29. Ra8 Kh7 30. Bxe6 Qf4 31. g3 Bxg3 32. fxg3 Bxe6 33. gxf4 Bd5+ 34. Kg1 Rxa8 35. Rd1 Be4 36. Rd4 Re8 37. Rd7 Re6 38. Rd6 Re8 39. Qb2 Re7 40. Qd4 1-0

[Event "WY U-16 Chess Olympiad 2019"]
[Site "Corum"]
[Date "2019.11.03"]
[Round "7"]
[White "Nurmamedov, Azat"]
[Black "Krstulovic, Alex"]
[Result "1-0"]
[WhiteElo "2368"]
[BlackElo "2324"]
[Annotator "TA"]
[PlyCount "111"]
[EventDate "2019.10.28"]
[EventType "team-tourn"]
[EventCountry "TUR"]
[SourceTitle "playchess.com"]
[Source "ChessBase"]
[SourceQuality "1"]

1. b3 d5 2. Bb2 Nf6 3. Nf3 c6 4. e3 Bf5 5. d4 e6 6. Bd3 Bg6 7. O-O Bd6 8. c4 Nbd7 9. Nc3 O-O 10. Qc2 Bxd3 11. Qxd3 Qe7 12. e4 dxe4 13. Nxe4 Nxe4 14. Qxe4 Ba3 15. Bc3 Bb4 16. Bb2 Ba3 17. Bc3 Bb4 18. Rac1 Bxc3 19. Rxc3 Rfd8 20. Rd1 a5 21. a4 h6 22. Rcd3 Nf6 23. Qe2 Qc7 24. Ne5 Rd6 25. h3 Rad8 26. c5 Rd5 27. Nc4 Rg5 28. Qd2 Nd5 29. Qxa5 Qxa5 30. Nxa5 Rd7 31. Kf1 Nf4 32. Rc3 e5 33. g3 exd4 34. Rc4 Ne6 35. b4 Rgd5 36. Rd3 g5 37. Rc1 Kf8 38. Nc4 Rd8 39. Re1 Ke7 40. Nb6 Rf5 41. Re4 Kf6 42. Nc4 Rd7 43. Ke2 Ke7 44. Ke1 f6 45. Rd2 d3 46. Nd6 Rd5 47. Re3 Re5 48. Rdxd3 Kf8 49. Kd2 Rxe3 50. Kxe3 Nc7 51. Kd4 Nd5 52. b5 Nc7 53. Kc4 Ne6 54. Rf3 cxb5+ 55. axb5 Kg7 56. Re3 1-0

[Event "WY U-16 Chess Olympiad 2019"]
[Site "Corum"]
[Date "2019.11.03"]
[Round "7"]
[White "Yu, Kaifeng"]
[Black "Larkin, Vladyslav"]
[Result "0-1"]
[WhiteElo "2367"]
[BlackElo "2405"]
[Annotator "RC"]
[PlyCount "128"]
[EventDate "2019.10.28"]
[EventType "team-tourn"]
[EventCountry "TUR"]
[SourceTitle "playchess.com"]
[Source "ChessBase"]
[SourceQuality "1"]

1. d4 Nf6 2. c4 e6 3. Nf3 Bb4+ 4. Bd2 a5 5. g3 d6 6. Bg2 Nbd7 7. O-O e5 8. Nc3 O-O 9. Qc2 c6 10. a3 Bxc3 11. Bxc3 e4 12. Nd2 d5 13. b4 a4 14. b5 Re8 15. e3 cxb5 16. cxd5 Nxd5 17. Nxe4 N7b6 18. Nc5 Nc4 19. e4 Nxc3 20. Qxc3 b6 21. Nd3 Bb7 22. d5 f5 23. Nf4 fxe4 24. Ne6 Qd7 25. Bxe4 Re7 26. Rfd1 Qd6 27. Qd3 Nb2 28. Bxh7+ Kh8 29. Qf5 Rxe6 30. dxe6 Qc6 31. f3 Nxd1 32. e7 Ne3 33. Qh3 Qh6 34. Qxh6 gxh6 35. Bg6 Bc6 36. Re1 Nc4 37. Bh5 Kg7 38. Kf2 Be8 39. Bg4 Ra7 40. f4 Kf6 41. Re6+ Kf7 42. Rxh6 Rxe7 43. Bf5 Kg7 44. Rh4 b4 45. Bd3 Nb2 46. Rh7+ Kf6 47. Rh6+ Kf7 48. Rh7+ Ke6 49. f5+ Kd6 50. Rh6+ Ke5 51. Bb1 b3 52. Rxb6 Nc4 53. Rb4 Kd4 54. g4 Kc5 55. Rb8 Kd6 56. f6 Re6 57. Bf5 Rxf6 58. Rxe8 b2 59. Rb8 Kc5 60. Kf3 Rxf5+ 61. gxf5 Nb6 62. Rg8 b1=Q 63. Rg5 Nd5 64. h4 Qf1+ 0-1

[Event "WY U-16 Chess Olympiad 2019"]
[Site "Corum"]
[Date "2019.11.03"]
[Round "7"]
[White "Can, Isik"]
[Black "Tengis, Tsog-Ochir"]
[Result "1/2-1/2"]
[WhiteElo "2361"]
[BlackElo "2111"]
[Annotator "TA"]
[PlyCount "66"]
[EventDate "2019.10.28"]
[EventType "team-tourn"]
[EventCountry "TUR"]
[SourceTitle "playchess.com"]
[Source "ChessBase"]
[SourceQuality "1"]

1. e4 e5 2. Nf3 Nc6 3. Bb5 Nf6 4. d3 Bc5 5. Bxc6 dxc6 6. h3 O-O 7. Nc3 b5 8. Be3 Qd6 9. O-O Bxe3 10. fxe3 b4 11. Ne2 Be6 12. Ng3 Nd7 13. Kh1 c5 14. Nf5 Bxf5 15. exf5 Nf6 16. Nd2 Rad8 17. Qf3 e4 18. Nxe4 Nxe4 19. dxe4 Qe5 20. Qf4 Qxb2 21. Qxc7 Qxc2 22. e5 Qe4 23. e6 Rd2 24. Qg3 fxe6 25. fxe6 Re8 26. Rac1 Rd5 27. Rf7 Qg6 28. Qxg6 hxg6 29. Rxa7 Rxe6 30. Ra5 Rxe3 31. Rcxc5 Rxc5 32. Rxc5 b3 33. axb3 Rxb3 1/2-1/2

[Event "WY U-16 Chess Olympiad 2019"]
[Site "Corum"]
[Date "2019.11.03"]
[Round "7"]
[White "Manafov, Vugar"]
[Black "Chatzieleftheriou, Andreas"]
[Result "1-0"]
[WhiteElo "2357"]
[BlackElo "2258"]
[Annotator "TA"]
[PlyCount "95"]
[EventDate "2019.10.28"]
[EventType "team-tourn"]
[EventCountry "TUR"]
[SourceTitle "playchess.com"]
[Source "ChessBase"]
[SourceQuality "1"]

1. d4 Nf6 2. Nf3 e6 3. Bf4 d5 4. e3 c5 5. c3 Nc6 6. Nbd2 Bd6 7. Bg3 O-O 8. Bb5 Ne7 9. Bd3 Nf5 10. Bxf5 exf5 11. Bxd6 Qxd6 12. dxc5 Qxc5 13. O-O Bd7 14. Nb3 Qc7 15. Qd4 Rfe8 16. Rfd1 Re4 17. Qc5 Qb8 18. Rd4 b6 19. Qa3 f4 20. exf4 Qxf4 21. Nbd2 Rxd4 22. cxd4 Bg4 23. g3 Qc7 24. Ne5 Qc2 25. Nf1 Bh3 26. Ne3 Qe2 27. Nd3 Re8 28. Nf4 Rxe3 29. Nxe2 Rxa3 30. bxa3 g5 31. Rc1 Ne8 32. a4 Bd7 33. a5 Kf8 34. axb6 axb6 35. Nc3 Nc7 36. a4 Ne6 37. Rb1 Nxd4 38. Rxb6 Nf3+ 39. Kg2 d4 40. Nb5 g4 41. a5 Bf5 42. a6 Be4 43. a7 Nd2+ 44. Kg1 Nf3+ 45. Kf1 Bd3+ 46. Kg2 Ne1+ 47. Kg1 Nf3+ 48. Kh1 1-0

[Event "WY U-16 Chess Olympiad 2019"]
[Site "Corum"]
[Date "2019.11.03"]
[Round "7"]
[White "Katopodis, Dimitrios"]
[Black "Ahmadzada, Ahmad"]
[Result "0-1"]
[WhiteElo "2353"]
[BlackElo "2406"]
[Annotator "RC"]
[PlyCount "70"]
[EventDate "2019.10.28"]
[EventType "team-tourn"]
[EventCountry "TUR"]
[SourceTitle "playchess.com"]
[Source "ChessBase"]
[SourceQuality "1"]

1. d4 Nf6 2. Nf3 e6 3. g3 b5 4. Bg5 Bb7 5. Nbd2 c5 6. e4 a6 7. d5 Be7 8. Bxf6 Bxf6 9. e5 Be7 10. d6 Bg5 11. Bg2 Bxd2+ 12. Qxd2 O-O 13. O-O Bd5 14. Ng5 Bxg2 15. Kxg2 Nc6 16. f4 f6 17. Ne4 fxe5 18. Nxc5 Rc8 19. b4 exf4 20. Rxf4 Rxf4 21. Qxf4 Nxb4 22. Rf1 Nd5 23. Qf7+ Kh8 24. Kh3 Nf6 25. Nxa6 Qg8 26. Qe7 h5 27. Nc7 Rf8 28. Rxf6 gxf6 29. Qxd7 Rd8 30. Qe7 Qg4+ 31. Kg2 Qe2+ 32. Kh3 Qf1+ 33. Kh4 Rg8 34. Qxe6 Rg4+ 35. Qxg4 hxg4 0-1

[Event "WY U-16 Chess Olympiad 2019"]
[Site "Corum"]
[Date "2019.11.03"]
[Round "7"]
[White "Malovanyi, Yulian"]
[Black "Xi, Qi"]
[Result "1-0"]
[WhiteElo "2351"]
[BlackElo "2241"]
[Annotator "TA"]
[PlyCount "173"]
[EventDate "2019.10.28"]
[EventType "team-tourn"]
[EventCountry "TUR"]
[SourceTitle "playchess.com"]
[Source "ChessBase"]
[SourceQuality "1"]

1. e4 e6 2. d4 d5 3. exd5 exd5 4. Nf3 Bd6 5. c4 Nf6 6. Nc3 O-O 7. cxd5 Nbd7 8. Bg5 h6 9. Bh4 Nb6 10. Be2 Be7 11. Bxf6 Bxf6 12. Qb3 Bg4 13. O-O Re8 14. Rad1 Qd6 15. Rfe1 a6 16. h3 Bxf3 17. Bxf3 Rxe1+ 18. Rxe1 Bxd4 19. Rd1 Re8 20. Ne4 Qe5 21. d6 cxd6 22. Qb4 Bc5 23. Nxc5 Qxc5 24. Qxc5 dxc5 25. Bxb7 a5 26. Ba6 Kf8 27. Bb5 Re6 28. Rd8+ Ke7 29. Rb8 Rd6 30. Rb7+ Ke6 31. Kf1 g5 32. Ke2 f5 33. Ra7 Kd5 34. Rxa5 Kd4 35. Ra3 c4 36. Rc3 Rd5 37. a4 Rc5 38. Rc1 Nd5 39. g3 c3 40. bxc3+ Nxc3+ 41. Kf3 Re5 42. Bd7 Rd5 43. Be6 Re5 44. Bb3 h5 45. Rc2 Kd3 46. Rb2 Ra5 47. Bc2+ Kc4 48. Rb8 Nxa4 49. Rf8 g4+ 50. Kg2 Nc3 51. Bxf5 gxh3+ 52. Kxh3 Kd4 53. Bg6 Rg5 54. Rd8+ Kc5 55. Rd3 Kc4 56. Rd6 Kc5 57. Ra6 Kb5 58. Rf6 Nd5 59. Rf5 Rxf5 60. Bxf5 Kc5 61. Kh4 Kd6 62. Kxh5 Ke7 63. Kg5 Kf7 64. Bc2 Nf6 65. Kf5 Kg7 66. Bb3 Nh5 67. g4 Nf6 68. f4 Nd7 69. Bd5 Nf6 70. Bc6 Ng8 71. Bf3 Ne7+ 72. Ke4 Kf6 73. Bd1 Kg6 74. Bc2 Kf6 75. Kf3 Ke6 76. g5 Kf7 77. Kg4 Kg7 78. Be4 Nc8 79. f5 Nd6 80. Kf4 Kf7 81. Bd5+ Kg7 82. Ke5 Ne8 83. Be4 Kf7 84. f6 Kg8 85. g6 Kh8 86. f7 Nf6 87. f8=Q+ 1-0

[Event "WY U-16 Chess Olympiad 2019"]
[Site "Corum"]
[Date "2019.11.03"]
[Round "7"]
[White "Garifullina, Leya"]
[Black "Alvarez Angel, Nelson Eduardo"]
[Result "1-0"]
[WhiteElo "2330"]
[BlackElo "1974"]
[Annotator "TA"]
[PlyCount "91"]
[EventDate "2019.10.28"]
[EventType "team-tourn"]
[EventCountry "TUR"]
[SourceTitle "playchess.com"]
[Source "ChessBase"]
[SourceQuality "1"]

1. e4 c5 2. Nf3 Nc6 3. Bb5 g6 4. Bxc6 bxc6 5. O-O Bg7 6. Re1 Nh6 7. c3 O-O 8. d4 cxd4 9. cxd4 d6 10. Nc3 f6 11. b3 e5 12. dxe5 fxe5 13. h3 Nf7 14. Be3 Be6 15. Rc1 Qe7 16. Qd2 Rfd8 17. Ng5 d5 18. Nxf7 Bxf7 19. Bg5 Bf6 20. Bxf6 Qxf6 21. Na4 Rd6 22. Nc5 g5 23. Qe3 Re8 24. Nd3 Bg6 25. f3 d4 26. Qf2 h5 27. Qg3 Kg7 28. Rc5 Rde6 29. Rec1 h4 30. Qh2 R8e7 31. Ra5 g4 32. hxg4 Qg5 33. f4 Qxg4 34. f5 Bxf5 35. exf5 Qxf5 36. Nf2 Rf7 37. Rf1 Qf6 38. Qh3 e4 39. Qg4+ Kf8 40. Qe2 d3 41. Qe3 Qg6 42. Rg5 Qh7 43. Re1 Rfe7 44. Rg4 Ke8 45. Rxe4 d2 46. Rxe6 1-0

[Event "WY U-16 Chess Olympiad 2019"]
[Site "Corum"]
[Date "2019.11.03"]
[Round "7"]
[White "Stefansson, Vignir Vatnar"]
[Black "Veiga, Jose Francisco R P N"]
[Result "1/2-1/2"]
[WhiteElo "2327"]
[BlackElo "2325"]
[Annotator "TA"]
[PlyCount "123"]
[EventDate "2019.10.28"]
[EventType "team-tourn"]
[EventCountry "TUR"]
[SourceTitle "playchess.com"]
[Source "ChessBase"]
[SourceQuality "1"]

1. d4 Nf6 2. Nc3 d5 3. Bf4 c5 4. e3 cxd4 5. exd4 a6 6. Nf3 Bg4 7. h3 Bxf3 8. Qxf3 Nc6 9. O-O-O e6 10. g4 Bd6 11. Be3 Qa5 12. Kb1 Rc8 13. Bd3 Nb4 14. Bd2 Qb6 15. Qe3 O-O 16. Ne2 Nxd3 17. Qxd3 Rc4 18. f3 Rfc8 19. c3 Ne8 20. f4 Ba3 21. Qc2 Bf8 22. Qd3 Ba3 23. Qc2 Bf8 24. Qd3 Nd6 25. Ng3 Ra4 26. b3 Ra3 27. Qc2 Nb5 28. Qb2 Ra5 29. Ne2 Na3+ 30. Ka1 Rb5 31. Bc1 Nc4 32. Qc2 Nd6 33. Ng3 Qc7 34. Bd2 Rb6 35. Qd3 Rc6 36. Rc1 Nb5 37. Ne2 Nd6 38. Ng3 Nb5 39. Ne2 Ba3 40. Rc2 Nd6 41. Ng3 Nb5 42. Ne2 Be7 43. h4 Nd6 44. Ng3 b5 45. Rcc1 a5 46. g5 f5 47. Rhe1 Qd7 48. Qe2 b4 49. cxb4 Ne4 50. Nxe4 dxe4 51. Qe3 Bxb4 52. Kb2 Qd6 53. Bxb4 axb4 54. Rxc6 Rxc6 55. Rc1 Rxc1 56. Kxc1 Qa6 57. Qd2 Qb5 58. Kd1 Kf7 59. Ke1 Ke7 60. Qc2 Qa5 61. h5 Kd7 62. Qc4 1/2-1/2

[Event "WY U-16 Chess Olympiad 2019"]
[Site "Corum"]
[Date "2019.11.03"]
[Round "7"]
[White "Borhy, Marcell"]
[Black "Shirliyev, Allayar"]
[Result "1-0"]
[WhiteElo "2321"]
[BlackElo "2149"]
[Annotator "TA"]
[PlyCount "89"]
[EventDate "2019.10.28"]
[EventType "team-tourn"]
[EventCountry "TUR"]
[SourceTitle "playchess.com"]
[Source "ChessBase"]
[SourceQuality "1"]

1. Nf3 d5 2. g3 g6 3. Bg2 Bg7 4. d4 c5 5. O-O Nc6 6. dxc5 e5 7. c3 Nge7 8. b4 e4 9. Nd4 Nxd4 10. cxd4 Nc6 11. a3 a5 12. b5 Nxd4 13. Bb2 Ne6 14. Bxg7 Nxg7 15. Nc3 Be6 16. Qd4 O-O 17. Rfd1 f5 18. Nxd5 Bxd5 19. Qxd5+ Qxd5 20. Rxd5 Rad8 21. Rad1 Ne6 22. f3 Rxd5 23. Rxd5 Nc7 24. Rd7 Rf7 25. c6 bxc6 26. Rxf7 Kxf7 27. b6 Na6 28. fxe4 fxe4 29. Bxe4 Nb8 30. Kf2 Ke7 31. Ke3 Kd6 32. h4 Kc5 33. b7 Kb6 34. h5 gxh5 35. Bxh7 Kxb7 36. Bg6 Nd7 37. Bxh5 Kc7 38. Kf4 Kd6 39. g4 c5 40. Bg6 Ne5 41. Bf5 Nc4 42. g5 Nxa3 43. g6 Ke7 44. Kg5 Nb5 45. g7 1-0

[Event "WY U-16 Chess Olympiad 2019"]
[Site "Corum"]
[Date "2019.11.03"]
[Round "7"]
[White "Ke, Ivan"]
[Black "Haring, Filip"]
[Result "1-0"]
[WhiteElo "2321"]
[BlackElo "2294"]
[Annotator "TA"]
[PlyCount "105"]
[EventDate "2019.10.28"]
[EventType "team-tourn"]
[EventCountry "TUR"]
[SourceTitle "playchess.com"]
[Source "ChessBase"]
[SourceQuality "1"]

1. d4 Nf6 2. Nf3 e6 3. e3 Be7 4. Bd3 O-O 5. O-O c5 6. b3 b6 7. Bb2 Bb7 8. c4 d6 9. Nc3 Nbd7 10. Rc1 a6 11. d5 exd5 12. cxd5 Re8 13. a4 g6 14. e4 Nh5 15. g3 Bf6 16. Qc2 Bg7 17. Nd1 Ndf6 18. Nd2 Bc8 19. Ne3 Rb8 20. Rfe1 b5 21. axb5 axb5 22. Bc3 Nd7 23. Bxg7 Nxg7 24. f4 Qa5 25. Ng4 Nh5 26. Nf3 Ndf6 27. Nxf6+ Nxf6 28. Qb2 Bg4 29. Qd2 Qa7 30. Kg2 Bxf3+ 31. Kxf3 Rec8 32. Qc3 Nd7 33. Bc2 b4 34. Qe3 Qa2 35. e5 Re8 36. e6 Nf6 37. f5 Qa8 38. Be4 fxe6 39. fxe6 Rf8 40. Kg2 Ng4 41. Qg5 Qa2+ 42. Bc2 Ne5 43. Rxe5 dxe5 44. e7 Rf5 45. Qe3 e4 46. Qxe4 Qa8 47. Qe6+ Kg7 48. Bxf5 gxf5 49. Re1 Re8 50. Qxf5 c4 51. Qg5+ Kh8 52. Qf6+ Kg8 53. Re5 1-0

[Event "WY U-16 Chess Olympiad 2019"]
[Site "Corum"]
[Date "2019.11.03"]
[Round "7"]
[White "Juksta, Karolis"]
[Black "Miletic, Vuk"]
[Result "1-0"]
[WhiteElo "2310"]
[BlackElo "2105"]
[Annotator "TA"]
[PlyCount "89"]
[EventDate "2019.10.28"]
[EventType "team-tourn"]
[EventCountry "TUR"]
[SourceTitle "playchess.com"]
[Source "ChessBase"]
[SourceQuality "1"]

1. d4 Nf6 2. c4 e6 3. Nc3 Bb4 4. e3 O-O 5. Nge2 d5 6. a3 Be7 7. cxd5 exd5 8. Nf4 c6 9. Bd3 Na6 10. O-O Nc7 11. b4 Ne6 12. Nxe6 Bxe6 13. Qc2 Rc8 14. Ne2 Bd6 15. f3 Bc7 16. Bd2 Re8 17. Be1 Bd7 18. Bf2 Qe7 19. Ng3 g6 20. Rfe1 h5 21. Nf1 Kg7 22. Bh4 Qd6 23. Qf2 Bb8 24. h3 Ng8 25. Qb2 Kh7 26. Rac1 Be6 27. e4 dxe4 28. fxe4 Qf4 29. Bf2 Qg5 30. Rc5 Qf6 31. Rxh5+ Kg7 32. Rc5 Ne7 33. Re3 Kg8 34. Rf3 Qg7 35. Bh4 Bd6 36. Bf6 Qh6 37. Rc2 Kh7 38. e5 Bc7 39. Ne3 Nd5 40. Nxd5 Bxd5 41. Rg3 Bd8 42. Rf2 Be6 43. h4 Bxf6 44. Rxf6 Qxh4 45. Qf2 1-0